Art of the event complete guide to designing and decorating special events
Guardado en:
| Autor principal: | |
|---|---|
| Formato: | Libro |
| Lenguaje: | inglés |
| Publicado: |
Hoboken
WILEY
2006
|
| Colección: | <The> Wiley event management series
|
| Materias: | |
| Etiquetas: |
Sin Etiquetas, Sea el primero en etiquetar este registro!
|
MARC
| LEADER | 00000nam a2200000 4500 | ||
|---|---|---|---|
| 001 | 0222888 | ||
| 005 | 20231215114902.5 | ||
| 020 | |a 978-0-471-42686-8 | ||
| 020 | |a 0-471-42686-5 | ||
| 041 | 0 | |a eng | |
| 044 | |a US | ||
| 245 | 1 | 0 | |a Art of the event |b complete guide to designing and decorating special events |c James C. Monroe |
| 264 | 1 | |a Hoboken |b WILEY |c 2006 | |
| 300 | |a xxix, 417 s. | ||
| 490 | 1 | |a <The> Wiley event management series | |
| 830 | 0 | |a <The> Wiley event management series | |
| 610 | 2 | 0 | |a dizajn |
| 610 | 2 | 0 | |a event marketing |
| 610 | 2 | 0 | |a stolovanie |
| 610 | 2 | 0 | |a plánovanie |
| 610 | 2 | 0 | |a riadenie |
| 610 | 2 | 0 | |a zdroje ľudské |
| 610 | 2 | 0 | |a zdroje finančné |
| 610 | 2 | 0 | |a komunikácia |
| 100 | 1 | |a Monroe, James C. | |